| 000 | 00362pab a2200145 454500 | ||
|---|---|---|---|
| 008 | 180718b1987 xxu||||| |||| 00| 0 eng d | ||
| 100 | _aYaxley, John F. | ||
| 245 |
_aGovernment role in business _bHelp or hindrance |
||
| 260 | _c1987 | ||
| 300 | _a11-13,33 | ||
| 362 | _aFeb. | ||
| 650 | _aGovernment and Business | ||
| 773 | _aIndian Management | ||
| 909 | _a9089 | ||
| 999 |
_c9089 _d9089 |
||